[Event "Paris-ch op"]
[Site "Paris"]
[Date "1992.??.??"]
[Round "2"]
[White "Appleberry, Martin"]
[Black "Caminade, Andrija"]
[Result "1-0"]
[WhiteElo "2310"]
[BlackElo "2230"]
[PlyCount "109"]
[EventDate "1992.04.??"]
[EventType "swiss"]
[EventRounds "9"]
[EventCountry "FRA"]
[SourceTitle "EXT 1997"]
[Source "ChessBase"]
[SourceDate "1996.11.15"]
[SourceVersion "1"]
[SourceVersionDate "1996.11.15"]
[SourceQuality "1"]

1. d4 Nf6 2. Nf3 d6 3. c4 g6 4. Nc3 Bg7 5. e4 0-0 6. Be2 e5 7. 0-0 Nc6 8. d5 Ne7 9. Nd2 Ne8 10. b4 f5 11. c5 Kh8 12. a4 a5 13. Ba3 Ng8 14. bxa5 Ngf6 15. exf5 gxf5 16. Nc4 e4 17. Nb5 Ng4 18. Bxg4 fxg4 19. cxd6 cxd6 20. Rc1 Rf6 21. Nb6 Rb8 22. Nxc8 Rxc8 23. Qxg4 Rxc1 24. Rxc1 Qxa5 25. Qxe4 Rf8 26. Qb4 Qb6 27. Rf1 Rf5 28. a5 Qd8 29. Nxd6 Nxd6 30. Qxd6 Qxd6 31. Bxd6 Rxd5 32. Bb4 Rb5 33. Be1 Kg8 34. g3 Bf6 35. Bd2 Rd5 36. Be1 Bd8 37. Kg2 Bxa5 38. Bxa5 Rxa5 39. Rb1 Ra7 40. Rb6 Kg7 41. g4 Kg8 42. h4 Kf8 43. Kg3 Kg8 44. h5 Kg7 45. Kh4 Kg8 46. f4 Kg7 47. Kg5 Kg8 48. f5 Kg7 49. Rd6 b5 50. h6+ Kf7 51. Rf6+ Ke7 52. Rb6 Ra5 53. Rb7+ Kd6 54. Rxh7 Kc6 55. Rh8 1-0

[Event "Paris-ch op"]
[Site "Paris"]
[Date "1992.??.??"]
[Round "9"]
[White "Caminade, Andrija"]
[Black "Roumegous, Etienne"]
[Result "1/2-1/2"]
[WhiteElo "2230"]
[BlackElo "2255"]
[PlyCount "94"]
[EventDate "1992.04.??"]
[EventType "swiss"]
[EventRounds "9"]
[EventCountry "FRA"]
[SourceTitle "EXT 1997"]
[Source "ChessBase"]
[SourceDate "1996.11.15"]
[SourceVersion "1"]
[SourceVersionDate "1996.11.15"]
[SourceQuality "1"]

1. e4 e6 2. d4 d5 3. Nd2 dxe4 4. Nxe4 Nd7 5. Nf3 Ngf6 6. Nxf6+ Nxf6 7. Be3 Be7 8. Ne5 0-0 9. Bd3 Qd5 10. 0-0 c5 11. c3 Rd8 12. Qc2 cxd4 13. cxd4 Bd7 14. f3 Rac8 15. Qe2 Be8 16. f4 Bd6 17. Rf3 g6 18. Rh3 a6 19. Bc4 Qe4 20. Rf1 Bb5 21. Bxb5 Rc2 22. Qf3 axb5 23. Qxe4 Nxe4 24. Nd3 Rdc8 25. Rc1 Nf6 26. Rf3 Nd5 27. Bd2 R8c4 28. Rxc2 Rxc2 29. Be1 Bc7 30. g3 Bb6 31. Bf2 Rc4 32. Nc5 Rc1+ 33. Kg2 Rc2 34. Rb3 b4 35. Kf3 Bxc5 36. dxc5 Kf8 37. h4 Ke8 38. a3 Rc4 39. axb4 Rxb4 40. Rxb4 Nxb4 41. Ke4 Kd7 42. Kd4 Kc6 43. Kc4 Nd5 44. Bd4 h5 45. b4 Ne7 46. b5+ Kd7 47. Bf2 Nd5 1/2-1/2